01615nam a2200445 i 450000100060000000300080000600500170001400600190003100700150005000800410006502000180010602000270012403500230015103500240017403500250019803500210022304000310024405000210027508000100029608200140030610000220032024500850034226400440042730000410047133600310051233700330054333800430057650000230061950400290064258801250067159001590079665000260095565000290098165000160101065000180102665500270104479700190107185600620109099900170115251502FlNmELB20241216232319.0m o d | cr cnu||||||||170406s2014 sp ob 001 0 spa d z9788416164264 a9788416164271 (e-book) a(MiAaPQ)EBC4775933 a(Au-PeEL)EBL4775933 a(CaPaEBR)ebr11322586 a(OCoLC)992094884 aFINmELBbspaerdacFINmELB 4aBF632bV297 2014 a159.90 a158.12231 aVargas, Álvaro.10aCómo caerse delante de 3 millones de personas y levantarse /cÁlvaro Vargas. 1aMálaga :bEditorial La Calle,c[2014] a1 recurso en línea (175 páginas) atextobtxt2rdacontent/spa acomputadorabc2rdamedia/spa arecurso en líneabcr2rdacarrier/spa aContiene índice. aContiene bibliografía. aDescripción basada en recurso en línea; Título de la página del título en PDF (e-libro, visto April 06, 2017). aRecurso electronico. Santa Fe, Arg. : e-libro, 2016. Disponible via World Wide Web. El acceso puede ser limitado para las bibliotecas afiliadas a e-libro. 0aSelf-help techniques. 4aTécnicas de autoayuda. 0aMeditation. 4aMeditación. 4aLibros electrónicos.2 ae-libro, Corp.40uhttps://elibro.net/ereader/politecnicointernacional/43738 c51502d51502